Statistics for Balkan actors/actresses in Hollywood

Click here to take the quiz!

General Stats

  • This quiz has been taken 17 times
  • The average score is 5 of 11

Answer Stats

Movie/Tv ShowActor% Correct
Mission impossible II; StigmataRade Šerbedžija
71%
Public enemies; Black Cat, White CatBranka Katić
43%
Cast me; Zona ZamfirovaKatarina Radivojević
43%
November Man; Belo odeloLazar Ristovski
43%
The Rite; When I Grow Up, I'll Be a KangarooMarija Karan
43%
Savior; NextSergej Trifunović
43%
Castle; Quantum of SolaceStana Katić
43%
RocknRolla; Barking at the starsDragan Mićanović
36%
Deadpool; Big MiracleStefan Kapičić
36%
Harry Potter and the Goblet of fire; The Chronicles of Narnia: Prince CaspianPredrag Bjelac
29%
Despite The Falling Stone; The Kids from the Marx and Engels StreetAna Sofrenović
21%

Score Distribution

Percentile by Number Answered

Percent of People with Each Score

Your Score History

You have not taken this quiz